Länder der Karibik - Statistiken

Allgemein
  • Dieses Quiz wurde 175 mal gespielt
  • Das Durchschnittsergebnis liegt bei 12 aus 16
Antwortstatistiken
Land % Korrekt
Jamaika
93%
Kuba
92%
Haiti
89%
Dominikanische Republik
88%
St. Lucia
88%
Barbados
85%
St. Vincent und die Grenadinen
85%
Bahamas
84%
Dominica
81%
St. Kitts und Nevis
81%
Antigua und Barbuda
79%
Trinidad und Tobago
78%
Grenada
77%
Belize
27%
Suriname
19%
Guyana
18%
Keine übereinstimmenden Quizze gefunden
Verteilung der Resultate
Anzahl Personen mit jedem Resultat
Perzentil nach korrekt beantworteten Fragen
Ihre Resultats-Entwicklung
Sie haben dieses Quiz noch nicht gespielt